| 000 | 00395nam a22001577a 4500 | ||
|---|---|---|---|
| 003 | OSt | ||
| 005 | 20250324123330.0 | ||
| 007 | 453 pages | ||
| 008 | 250324b |||||||| |||| 00| 0 eng d | ||
| 040 | _c | ||
| 082 |
_a004.678 _bKLE |
||
| 245 |
_aCloud Computing:Concepts technology and architecture _cErl Thomas |
||
| 250 | _a2 | ||
| 260 |
_bpearson _c2024 |
||
| 942 |
_2ddc _cBK _e2 _k004.678 _mERL _n0 |
||
| 999 |
_c36210 _d36210 |
||